Normal view
MARC view
Entry Personal Name
001 - CONTROL NUMBER
- control field: 37060
003 - CONTROL NUMBER IDENTIFIER
- control field: ARRUPE
005 - DATE AND TIME OF LATEST TRANSACTION
- control field: 20171012110924.0
008 - FIXED-LENGTH DATA ELEMENTS
- fixed length control field: 171012|| aca||aabn | a|a d
040 ## - CATALOGING SOURCE
- Original cataloging agency: ARRUPE
- Transcribing agency: ARRUPE
100 ## - HEADING--PERSONAL NAME
- Personal name: Marvell, Andrew
670 ## - SOURCE DATA FOUND
- Source citation: Work cat.: (ARRUPE)0: Leishman, J. B. (James Blair), 1902-1963. 16112, The art of Marvell's poetry, 1966.